[Event "Rheinland Pfalz op 5th"]
[Site "Worms"]
[Date "2013.06.02"]
[Round "7"]
[White "Burg, Niclas"]
[Black "Mader, Lena"]
[Result "1/2-1/2"]
[WhiteElo "1688"]
[BlackElo "1889"]
[PlyCount "87"]
[EventDate "2013.05.30"]
[EventType "swiss"]
[EventRounds "7"]
[EventCountry "GER"]
[SourceTitle "EXT 2014"]
[Source "ChessBase"]
[SourceDate "2013.11.20"]
[SourceVersion "1"]
[SourceVersionDate "2013.11.20"]
[SourceQuality "1"]

1. e4 d5 2. exd5 Qxd5 3. Nc3 Qa5 4. d4 c6 5. Nf3 Nf6 6. Bf4 Bf5 7. Bc4 e6 8. 0-0 Be7 9. Re1 Nbd7 10. Qe2 0-0 11. Ne5 Nxe5 12. dxe5 Nd5 13. Nxd5 cxd5 14. Bd3 Bxd3 15. Qxd3 Rfc8 16. Re3 Rc4 17. Rh3 Re4 18. Bd2 Qc7 19. f3 Rh4 20. Rxh4 Bxh4 21. Bc3 Rc8 22. f4 Qc5+ 23. Kh1 Qc4 24. g3 Be7 25. Qxc4 Rxc4 26. Rd1 g6 27. Rd4 b5 28. Rxc4 bxc4 29. b4 cxb3 30. cxb3 Bc5 31. b4 Bb6 32. Kg2 Kf8 33. Kf3 Ke8 34. a4 a6 35. Ke2 Kd7 36. Kd3 Kc6 37. Bd4 Bd8 38. Kc3 Be7 39. Kb3 Bd8 40. Kc3 Be7 41. Kb3 h5 42. h4 Bd8 43. Kc3 Kb7 44. Kb3 1/2-1/2

[Event "GER-chT U12"]
[Site "Verden"]
[Date "2012.12.30"]
[Round "7.1"]
[White "Poetsch, Leonore"]
[Black "Burg, Niclas"]
[Result "0-1"]
[WhiteElo "1148"]
[BlackElo "1729"]
[PlyCount "136"]
[EventDate "2012.12.27"]
[EventType "team-swiss"]
[EventRounds "7"]
[EventCountry "GER"]
[SourceTitle "EXT 2014"]
[Source "ChessBase"]
[SourceDate "2013.11.20"]
[SourceVersion "1"]
[SourceVersionDate "2013.11.20"]
[SourceQuality "1"]
[WhiteTeam "Schoeneck"]
[BlackTeam "Worms"]
[WhiteTeamCountry "GER"]
[BlackTeamCountry "GER"]

1. e4 c5 2. Nf3 Nc6 3. c3 d5 4. e5 Bf5 5. d4 e6 6. Bd3 Bxd3 7. Qxd3 Qb6 8. 0-0 cxd4 9. cxd4 Nge7 10. Nc3 Nf5 11. Ne2 Rc8 12. a3 Be7 13. Bd2 0-0 14. Bc3 Na5 15. Bxa5 Qxa5 16. Rfc1 b5 17. Rc2 Rc4 18. b3 Rxc2 19. Qxc2 Qa6 20. a4 Rc8 21. Qb2 b4 22. Rc1 Rxc1+ 23. Nxc1 Qc6 24. Ne2 f6 25. Qd2 a5 26. h3 Bd8 27. Qd3 Bb6 28. Nd2 Qc7 29. f4 fxe5 30. fxe5 Qxe5 31. Nf3 Qf6 32. Kh1 Bc7 33. Qa6 Qe7 34. Qc8+ Kf7 35. Ne5+ Bxe5 36. dxe5 Qh4 37. Qc7+ Kg6 38. Qc1 Qf2 39. Nf4+ Kf7 40. Qc7+ Ne7 41. Qc1 g5 42. Nd3 Qg3 43. Qd1 Nf5 44. Qc2 Ne3 45. Qe2 g4 46. Qf2+ Qxf2 47. Nxf2 gxh3 48. gxh3 Nc2 49. Nd3 Nd4 50. Nc5 Kg6 51. Kg2 Kf5 52. Kg3 Kxe5 53. Kg4 Kd6 54. Nb7+ Kc7 55. Nc5 Kc6 56. Nd3 Nxb3 57. h4 Nd4 58. h5 h6 59. Ne5+ Kc5 60. Nf7 b3 61. Nxh6 b2 62. Nf7 b1Q 63. h6 Qg6+ 64. Kh4 Qxf7 65. Kg5 Nf5 66. Kg4 Nxh6+ 67. Kg5 Nf5 68. Kg4 Nh6+ 0-1

[Event "GER-ch U12"]
[Site "Oberhof"]
[Date "2012.06.01"]
[Round "9"]
[White "Burg, Niclas"]
[Black "Raetzke von Stoyentin, Steffen"]
[Result "1-0"]
[WhiteElo "1605"]
[BlackElo "1726"]
[PlyCount "107"]
[EventDate "2012.05.27"]
[EventType "swiss"]
[EventRounds "11"]
[EventCountry "GER"]
[SourceTitle "CBM 148 Extra"]
[Source "ChessBase"]
[SourceDate "2012.06.22"]
[SourceVersion "1"]
[SourceVersionDate "2012.06.22"]
[SourceQuality "1"]

1. e4 e5 2. Nf3 Nc6 3. Bb5 a6 4. Bxc6 dxc6 5. 0-0 Bg4 6. h3 Bh5 7. d3 f6 8. Be3 Qd7 9. Nbd2 0-0-0 10. Nc4 Bf7 11. b3 Be6 12. Qd2 g5 13. Qa5 g4 14. Nfxe5 fxe5 15. Nxe5 Qd6 16. Nxg4 Bxg4 17. hxg4 Bg7 18. Rad1 Qg6 19. Qf5+ Kb8 20. Qc5 b6 21. Qf5 Ne7 22. Qxg6 hxg6 23. f4 c5 24. f5 gxf5 25. gxf5 Bf6 26. Kf2 Nc6 27. Rh1 Nb4 28. Rxh8 Rxh8 29. c4 Nxa2 30. g4 Rh2+ 31. Kg3 Nc3 32. Kxh2 Nxd1 33. Bd2 Kc8 34. g5 Be5+ 35. Kg2 Kd7 36. Kf3 Nb2 37. Bf4 Bxf4 38. Kxf4 Nxd3+ 39. Ke3 Ne5 40. Kf4 Nc6 41. g6 Ke7 42. Kg5 b5 43. f6+ Kf8 44. Kh6 Kg8 45. f7+ Kf8 46. e5 bxc4 47. e6 Ke7 48. g7 cxb3 49. f8Q+ Kxe6 50. g8Q+ Ke5 51. Qxc5+ Ke4 52. Qg4+ Kd3 53. Qcc4+ Kd2 54. Qge2# 1-0

[Event "GER-ch U12"]
[Site "Oberhof"]
[Date "2012.06.01"]
[Round "10"]
[White "Schmidek, Emil"]
[Black "Burg, Niclas"]
[Result "1-0"]
[WhiteElo "1909"]
[BlackElo "1605"]
[PlyCount "79"]
[EventDate "2012.05.27"]
[EventType "swiss"]
[EventRounds "11"]
[EventCountry "GER"]
[SourceTitle "CBM 148 Extra"]
[Source "ChessBase"]
[SourceDate "2012.06.22"]
[SourceVersion "1"]
[SourceVersionDate "2012.06.22"]
[SourceQuality "1"]

1. e4 c5 2. Nf3 Nc6 3. d4 cxd4 4. Nxd4 Nf6 5. Nc3 e5 6. Ndb5 d6 7. Bg5 a6 8. Na3 b5 9. Bxf6 gxf6 10. Nd5 Bg7 11. g3 0-0 12. Bg2 f5 13. exf5 Bxf5 14. c3 Qg5 15. 0-0 Rad8 16. Nc7 Nb8 17. Nc2 Bxc2 18. Qxc2 Qe7 19. Nd5 Qg5 20. Rad1 f5 21. Nc7 f4 22. Ne6 Qg6 23. Qxg6 hxg6 24. Nxd8 Rxd8 25. gxf4 exf4 26. Rfe1 Kf7 27. Bd5+ Kf6 28. Bb3 g5 29. Re6+ Kf5 30. Rexd6 Rxd6 31. Rxd6 Kg4 32. Be6+ Kh4 33. Rb6 Be5 34. Bc8 g4 35. Bxa6 Nxa6 36. Rxa6 f3 37. Rb6 b4 38. cxb4 Bf4 39. Rb7 Bd6 40. b5 1-0

[Event "GER-ch U12"]
[Site "Oberhof"]
[Date "2012.05.30"]
[Round "6"]
[White "Bergauz, Noam"]
[Black "Burg, Niclas"]
[Result "1/2-1/2"]
[WhiteElo "1813"]
[BlackElo "1605"]
[PlyCount "65"]
[EventDate "2012.05.27"]
[EventType "swiss"]
[EventRounds "11"]
[EventCountry "GER"]
[SourceTitle "CBM 148 Extra"]
[Source "ChessBase"]
[SourceDate "2012.06.22"]
[SourceVersion "1"]
[SourceVersionDate "2012.06.22"]
[SourceQuality "1"]

1. e4 c5 2. Nf3 Nc6 3. d4 cxd4 4. Nxd4 Nf6 5. Nc3 e5 6. Ndb5 d6 7. Nd5 Nxd5 8. exd5 Nb8 9. c4 Be7 10. Bd3 0-0 11. 0-0 f5 12. f3 f4 13. Qc2 h5 14. b3 a6 15. Nc3 Nd7 16. Kh1 Nf6 17. Bg6 Bd7 18. Bb2 Be8 19. Rfd1 Bxg6 20. Qxg6 Qe8 21. Qxe8 Rfxe8 22. Ba3 b6 23. Rac1 Rab8 24. Ne4 Nxe4 25. fxe4 Rec8 26. Kg1 g5 27. b4 b5 28. c5 Kf7 29. Bb2 Kf6 30. Rd2 Rb7 31. Rdd1 Rd7 32. cxd6 Rxc1 33. Rxc1 1/2-1/2

[Event "GER-ch U12"]
[Site "Oberhof"]
[Date "2012.05.29"]
[Round "5"]
[White "Burg, Niclas"]
[Black "Kololli, Kevin"]
[Result "1/2-1/2"]
[WhiteElo "1605"]
[BlackElo "1753"]
[PlyCount "73"]
[EventDate "2012.05.27"]
[EventType "swiss"]
[EventRounds "11"]
[EventCountry "GER"]
[SourceTitle "CBM 148 Extra"]
[Source "ChessBase"]
[SourceDate "2012.06.22"]
[SourceVersion "1"]
[SourceVersionDate "2012.06.22"]
[SourceQuality "1"]

1. e4 e5 2. Nf3 Nc6 3. Bb5 Nf6 4. 0-0 Nxe4 5. Re1 Nd6 6. Bxc6 dxc6 7. Rxe5+ Be7 8. Qe1 f6 9. Re3 Kf7 10. Nc3 Re8 11. d4 Bg4 12. Qe2 Kg8 13. d5 Qd7 14. dxc6 Qxc6 15. Nd4 Qd7 16. f3 Nf5 17. Qc4+ Kh8 18. Rd3 Nxd4 19. Rxd4 Qe6 20. Bf4 Bf5 21. Qxe6 Bxe6 22. Kh1 Bc5 23. Rd2 c6 24. Ne4 Bf8 25. Bd6 Bd5 26. Bxf8 Rxf8 27. Nd6 Rad8 28. Nf5 Bxa2 29. Rxd8 Rxd8 30. b3 Rd2 31. Re1 h6 32. Ne3 b5 33. Kg1 a5 34. Kf1 a4 35. bxa4 bxa4 36. Ra1 Bd5 37. Rxa4 1/2-1/2

[Event "GER-ch U12"]
[Site "Oberhof"]
[Date "2012.05.28"]
[Round "4"]
[White "Kitze, Alexander"]
[Black "Burg, Niclas"]
[Result "1-0"]
[WhiteElo "1913"]
[BlackElo "1605"]
[PlyCount "65"]
[EventDate "2012.05.27"]
[EventType "swiss"]
[EventRounds "11"]
[EventCountry "GER"]
[SourceTitle "CBM 148 Extra"]
[Source "ChessBase"]
[SourceDate "2012.06.22"]
[SourceVersion "1"]
[SourceVersionDate "2012.06.22"]
[SourceQuality "1"]

1. e4 c5 2. Nf3 Nc6 3. d4 cxd4 4. Nxd4 Nf6 5. Nc3 e5 6. Ndb5 d6 7. Bg5 a6 8. Na3 b5 9. Bxf6 gxf6 10. Nd5 f5 11. c3 Bg7 12. exf5 Bxf5 13. Nc2 0-0 14. Nce3 Be6 15. Bd3 f5 16. 0-0 Ne7 17. Nxe7+ Qxe7 18. Bxf5 Bxf5 19. Nxf5 Rxf5 20. Qd5+ Kh8 21. Qxa8+ Rf8 22. Qxa6 Qd7 23. Rad1 d5 24. Qb6 d4 25. cxd4 exd4 26. Rd3 Qf5 27. Rf3 Qe5 28. Rxf8+ Bxf8 29. Qd8 Kg7 30. Rd1 Bc5 31. b4 Bd6 32. Qh4 Kh8 33. Qxd4 1-0

[Event "GER-ch U12"]
[Site "Oberhof"]
[Date "2011.06.17"]
[Round "10"]
[White "Burg, Niclas"]
[Black "Niediek, Cedric"]
[Result "0-1"]
[WhiteElo "1311"]
[BlackElo "1641"]
[PlyCount "88"]
[EventDate "2011.06.11"]
[EventType "swiss"]
[EventRounds "11"]
[EventCountry "GER"]
[SourceTitle "CBM 142 Extra"]
[Source "ChessBase"]
[SourceDate "2011.06.27"]
[SourceVersion "1"]
[SourceVersionDate "2011.06.27"]
[SourceQuality "1"]

1. e4 c5 2. Nf3 Nc6 3. d4 cxd4 4. Nxd4 e5 5. Nb5 a6 6. Nd6+ Bxd6 7. Qxd6 Qf6 8. Qc7 Nge7 9. Nc3 Nb4 10. Na4 b5 11. a3 Nxc2+ 12. Qxc2 bxa4 13. Qxa4 0-0 14. Be2 d6 15. 0-0 Bb7 16. Be3 Bc6 17. Qc2 Qg6 18. Bd3 Rfc8 19. Qd2 f5 20. f3 fxe4 21. fxe4 Bxe4 22. Bxe4 Qxe4 23. Rae1 Rc2 24. Qxc2 Qxc2 25. Rd1 Qxb2 26. Rxd6 Qxa3 27. Rdd1 Qxe3+ 28. Kh1 h6 29. Rde1 Qd3 30. Rf2 Rc8 31. Rfe2 e4 32. h3 Rc4 33. Re3 Qd5 34. Rb3 Kh7 35. Rbe3 Nf5 36. Ra3 a5 37. Rea1 a4 38. Re1 e3 39. Raa1 Rc2 40. Rg1 Nh4 41. Rxa4 Rxg2 42. Rg4 Rxg4+ 43. Kh2 Nf3+ 44. Kh1 Rxg1# 0-1

[Event "GER-ch U12"]
[Site "Oberhof"]
[Date "2011.06.14"]
[Round "5"]
[White "Gschnitzer, Adrian"]
[Black "Burg, Niclas"]
[Result "0-1"]
[WhiteElo "1590"]
[BlackElo "1311"]
[PlyCount "114"]
[EventDate "2011.06.11"]
[EventType "swiss"]
[EventRounds "11"]
[EventCountry "GER"]
[SourceTitle "CBM 142 Extra"]
[Source "ChessBase"]
[SourceDate "2011.06.27"]
[SourceVersion "1"]
[SourceVersionDate "2011.06.27"]
[SourceQuality "1"]

1. e4 c5 2. Nf3 Nc6 3. Nc3 Nf6 4. Bb5 e6 5. e5 Ng4 6. Bxc6 bxc6 7. 0-0 Nh6 8. d4 Nf5 9. Be3 cxd4 10. Nxd4 Nxe3 11. fxe3 Qg5 12. Qf3 Qg6 13. Ndb5 Rb8 14. Nxa7 Ba6 15. Rf2 Bc5 16. Nxc6 Bb7 17. Qxf7+ Qxf7 18. Rxf7 Kxf7 19. Rf1+ Kg6 20. Nxb8 Rxb8 21. Re1 Bc6 22. Nd1 Kf5 23. Rf1+ Kxe5 24. Nf2 Kd6 25. Nd1 Ke7 26. Rf4 d5 27. Kf2 Rf8 28. Rxf8 Kxf8 29. g3 d4 30. exd4 Bxd4+ 31. Ke2 Bb5+ 32. Kf3 Ke7 33. Ke4 Bg1 34. h4 Kd6 35. b3 Bc6+ 36. Kd3 e5 37. Nb2 e4+ 38. Ke2 Kd5 39. Kf1 Bd4 40. c4+ Kc5 41. Nd1 Kb4 42. Ke2 Ka3 43. Nf2 Kxa2 44. b4 Kb3 45. b5 Ba8 46. Nh3 Kxc4 47. Nf4 Kxb5 48. Ne6 Be5 49. g4 Bd5 50. Nf8 Bg8 51. Ke3 Kc6 52. Kxe4 Bd6 53. Nxh7 Bxh7+ 54. Kd4 Bg3 55. h5 Kd6 56. Ke3 Ke5 57. Kf3 Bh4 0-1

[Event "GER-ch U12"]
[Site "Oberhof"]
[Date "2011.06.12"]
[Round "1"]
[White "Kitze, Alexander"]
[Black "Burg, Niclas"]
[Result "1-0"]
[WhiteElo "1717"]
[BlackElo "1311"]
[PlyCount "75"]
[EventDate "2011.06.11"]
[EventType "swiss"]
[EventRounds "11"]
[EventCountry "GER"]
[SourceTitle "CBM 142 Extra"]
[Source "ChessBase"]
[SourceDate "2011.06.27"]
[SourceVersion "1"]
[SourceVersionDate "2011.06.27"]
[SourceQuality "1"]

1. e4 c5 2. Nf3 Nc6 3. d4 cxd4 4. Nxd4 Nf6 5. Nc3 e5 6. Ndb5 d6 7. Bg5 a6 8. Na3 b5 9. Bxf6 gxf6 10. Nd5 f5 11. c3 Bg7 12. exf5 Bxf5 13. Nc2 Be6 14. Nce3 0-0 15. Bd3 f5 16. 0-0 e4 17. Nf4 Bf7 18. Bc2 Be5 19. Ned5 Qg5 20. g3 Bxd5 21. Qxd5+ Kh8 22. Ne6 Qh5 23. Nxf8 Rxf8 24. Qxc6 Qg6 25. f4 Bg7 26. Rad1 Rf6 27. Qxa6 e3 28. Qxb5 Re6 29. Qe2 h5 30. Kg2 h4 31. Rh1 Bh6 32. Qf3 e2 33. Rde1 d5 34. Qxd5 Bxf4 35. Bxf5 Qg7 36. Qxe6 hxg3 37. hxg3+ Qh7 38. Rxh7# 1-0

[Event "GER-ch U10"]
[Site "Oberhof"]
[Date "2010.05.28"]
[Round "10"]
[White "Burg, Niclas"]
[Black "Renger, Niklas"]
[Result "1/2-1/2"]
[WhiteElo "1467"]
[BlackElo "1320"]
[PlyCount "83"]
[EventDate "2010.05.22"]
[EventType "swiss"]
[EventRounds "11"]
[EventCountry "GER"]
[SourceTitle "CBM 136 Extra"]
[Source "ChessBase"]
[SourceDate "2010.07.02"]
[SourceVersion "2"]
[SourceVersionDate "2010.07.15"]
[SourceQuality "1"]

1. e4 c5 2. Nf3 d6 3. d4 cxd4 4. Nxd4 Nf6 5. Nc3 g6 6. Be3 Bg7 7. f3 0-0 8. Qd2 Nc6 9. 0-0-0 d5 10. exd5 Nxd5 11. Nxc6 bxc6 12. Nxd5 cxd5 13. Qxd5 Qc7 14. Qc5 Qb8 15. Bd4 Bh6+ 16. Be3 Bg7 17. c3 Be6 18. Bd3 f5 19. Bc4 Bxc4 20. Qxc4+ Kh8 21. Bd4 e5 22. Bf2 a5 23. Qa4 Rc8 24. Rd5 e4 25. Rb5 Qf4+ 26. Kb1 Qc7 27. Rc5 Qd8 28. Rxc8 Qxc8 29. Bd4 exf3 30. Bxg7+ Kxg7 31. Qd4+ Kg8 32. Qd5+ Kh8 33. Qxf3 a4 34. a3 Rb8 35. Qf4 Qb7 36. Qb4 Qa8 37. Qd4+ Kg8 38. Qe5 Rxb2+ 39. Kc1 Qxg2 40. Qe6+ Kg7 41. Qe7+ Kh6 42. Qh4+ 1/2-1/2

[Event "GER-ch U10"]
[Site "Oberhof"]
[Date "2010.05.28"]
[Round "9"]
[White "Hartmann, Martin"]
[Black "Burg, Niclas"]
[Result "0-1"]
[WhiteElo "1223"]
[BlackElo "1467"]
[PlyCount "186"]
[EventDate "2010.05.22"]
[EventType "swiss"]
[EventRounds "11"]
[EventCountry "GER"]
[SourceTitle "CBM 136 Extra"]
[Source "ChessBase"]
[SourceDate "2010.07.02"]
[SourceVersion "2"]
[SourceVersionDate "2010.07.15"]
[SourceQuality "1"]

1. e4 c5 2. d4 cxd4 3. c3 dxc3 4. Nxc3 Nc6 5. Nf3 Nf6 6. Bb5 e6 7. Bg5 Be7 8. 0-0 0-0 9. Qd2 Re8 10. Rfd1 a6 11. Bxc6 bxc6 12. Rac1 d5 13. e5 Nd7 14. Bxe7 Qxe7 15. Na4 Bb7 16. Qc2 Rec8 17. Rd4 c5 18. Rh4 h6 19. Rg4 f6 20. Qg6 d4 21. exf6 Qxf6 22. Qxf6 Nxf6 23. Rg3 Rab8 24. Rxc5 Ne4 25. Rxc8+ Rxc8 26. h3 Nxg3 27. fxg3 Bxf3 28. gxf3 d3 29. Kf2 Rc2+ 30. Ke1 Rh2 31. h4 Rh3 32. Kf2 d2 33. Nc3 Rh1 34. Ke2 Rg1 35. g4 Rh1 36. h5 Rh3 37. a4 Rh1 38. Kxd2 Kf7 39. b4 Ke7 40. b5 axb5 41. axb5 Kd6 42. Ke3 Kc5 43. Kf4 Rc1 44. Ne4+ Kxb5 45. Ke5 Rf1 46. f4 Kc6 47. g5 Kd7 48. gxh6 gxh6 49. Nf6+ Kd8 50. Kxe6 Rxf4 51. Kf7 Rf3 52. Kg6 Ke7 53. Nd5+ Kd6 54. Nb4 Rf4 55. Nd3 Rd4 56. Nf2 Rf4 57. Nd3 Rf3 58. Ne1 Re3 59. Nc2 Re6+ 60. Kf5 Ke7 61. Nd4 Rf6+ 62. Kg4 Kd6 63. Nf5+ Ke5 64. Ne7 Rf4+ 65. Kg3 Ra4 66. Ng6+ Kf5 67. Kh3 Kg5 68. Kg3 Kxh5 69. Nf4+ Kg5 70. Ne6+ Kf5 71. Ng7+ Kg6 72. Ne6 Ra3+ 73. Kh2 h5 74. Nf4+ Kh6 75. Ne6 h4 76. Nf4 Kg5 77. Nh3+ Kg4 78. Nf2+ Kf4 79. Nh3+ Kf5 80. Kg2 Rg3+ 81. Kh2 Kg4 82. Nf2+ Kf3 83. Nd3 h3 84. Ne5+ Kf4 85. Nc4 Rc3 86. Nd6 Kg4 87. Ne4 Rc2+ 88. Kg1 h2+ 89. Kh1 Kf4 90. Nf6 Re2 91. Nh5+ Kg4 92. Nf6+ Kh3 93. Ne4 Re1# 0-1

[Event "GER-ch U10"]
[Site "Oberhof"]
[Date "2010.05.24"]
[Round "4"]
[White "Burg, Niclas"]
[Black "Schneider, Jana"]
[Result "1-0"]
[WhiteElo "1467"]
[BlackElo "1073"]
[PlyCount "49"]
[EventDate "2010.05.22"]
[EventType "swiss"]
[EventRounds "11"]
[EventCountry "GER"]
[SourceTitle "CBM 136 Extra"]
[Source "ChessBase"]
[SourceDate "2010.07.02"]
[SourceVersion "2"]
[SourceVersionDate "2010.07.15"]
[SourceQuality "1"]

1. e4 c5 2. Nf3 d6 3. d4 cxd4 4. Nxd4 Nf6 5. Nc3 g6 6. Be3 Bg7 7. f3 0-0 8. Qd2 Nc6 9. 0-0-0 Bd7 10. g4 Rc8 11. h4 Ne5 12. h5 Nc4 13. Bxc4 Rxc4 14. hxg6 fxg6 15. Qh2 h5 16. Bg5 hxg4 17. Bxf6 Rxf6 18. Qh7+ Kf7 19. Nd5 Rxf3 20. Nxf3 gxf3 21. Rh6 Kf8 22. Rxg6 Bc6 23. Rxg7 Bxd5 24. Qh8+ Bg8 25. Qxg8# 1-0